00429nam a22001577a 4500003000400000005001700004008004100021020001500062040001300077050002300090100002100113245006500134260003700199300001500236504002000251OSt20251003083812.0251003b |||||||| |||| 00| 0 eng d a8130902656 aLCcJCSC aJZ 5588b.S54 2006 aMichael Sheehan  aInternational security :ban analytical survey /cSheehan M. aNew delhi :bViva books ;c2006. a201 pages. aIncludes index.